000 00516nam a2200193Ia 4500
005 20250326143304.0
008 250326s9999 xx 000 0 und d
020 _a0-13-100370-3
037 _aTextbook
040 _aFMSL
_beng
_cFMSL
041 _aeng
_2eng
084 _aX:513 P3
_qFMSL
100 _aKeller K L
_9742635
245 0 _aStrategic brand management
_cKeller K L
260 _aN
_bN, J Person Education
_c2003
300 _a215p
942 _cTB
_hX:513 P3
999 _c1298933
_d1298933